000 00600nam a2200193 i 4500
001 70630
003 ES-MaACL
005 20230906170855.0
007 t|
008 040729s1959 sp ||||1| spa d
100 1 _aGardner, Burleigh B.
_955505
245 1 0 _aRelaciones humanas en la empresa /
_cBurleigh B. Gardner, David G. Moore ; [traducción de Helena Estellés].
250 _a2ª ed., aum.
260 _aMadrid :
_bRialp,
_c1959.
300 _a441 p. :
_bil. ;
_c25 cm.
700 1 _aMoore, David G.
_982805
700 0 _aEstellés, Helena.
_948099
852 _aES-MaACL
_jC-16927
_bR.45186
999 _c70630
_d70630